000 00864nam a2200265 i 4500
005 20160213135136.0
008 140113b1994 my ||||| |||| 00| 0 eng d
040 _aCO-BoIAVH
_cCO-BoIAVH
041 _aeng
044 _aenk
082 0 4 _a582.16
_bM28p
100 1 _aManokaran, N.
245 1 0 _aPopulation dynamics of trees in dipterocarp forest of peninsular Malaysia /
_cN. Manokaran & M. D. Swaine.
260 _aMalasia:
_bForest Research Institute Malaysia
_c1994
300 _a173 páginas
650 1 4 _aÁrboles
_zMalasia
650 2 4 _aBosques tropicales
_zMalasia
650 2 4 _aDinámica de poblaciones
_zMalasia
650 2 4 _aEcología
650 2 4 _apropagación de árboles
650 _aDinámica de bosques
700 1 _aSwaine, M.D.,
_eautor.
942 _cLIBRO
_2ddc
945 _d2003-12-15
999 _c21
_d21